FUNDAMENTALS OF PHYSICS WITH APPLICATIONS (Record no. 5456)

MARC details
000 -LEADER
fixed length control field 00406nam a22001577a 4500
005 - DATE AND TIME OF LATEST TRANSACTION
control field 20170530111524.0
008 - FIXED-LENGTH DATA ELEMENTS--GENERAL INFORMATION
fixed length control field 170530b xxu||||| |||| 00| 0 eng d
020 ## - INTERNATIONAL STANDARD BOOK NUMBER
ISBN 978-0-07-070039-0
041 ## - LANGUAGE CODE
Language code of text/sound track or separate title eng
100 ## - MAIN ENTRY--AUTHOR NAME
Personal name BEISER, ARTHUR
245 ## - TITLE STATEMENT
Title FUNDAMENTALS OF PHYSICS WITH APPLICATIONS
250 ## - EDITION STATEMENT
Edition statement 5TH, 2016
260 ## - PUBLICATION, DISTRIBUTION, ETC. (IMPRINT)
Place of publication NEW DELHI
Name of publisher MC GRAW HILL EDUCATION
Year of publication 2011
300 ## - PHYSICAL DESCRIPTION
Number of Pages I.5
942 ## - ADDED ENTRY ELEMENTS (KOHA)
Koha item type Books
Holdings
Lost status Damaged status Home library Current library Shelving location Date acquired Source of acquisition Cost, normal purchase price Full call number Accession Number Koha item type
    JRU Library   SHELF-6-A 30/05/2017 PURCHESS 675.00 530 21793 Books